|
|
|
|
| LEADER |
00955nab#a2200313#ar4500 |
| 001 |
000071897 |
| 003 |
SVKKK |
| 005 |
20011120xxxxxxx. |
| 008 |
06 c xo huno |
| FMT |
|
|
|
| 038 |
|
|
|a SVKKK
|
| 040 |
|
|
|a SVKKK
|b slo
|e AACR2
|
| 041 |
0 |
|
|a hun
|
| 044 |
|
|
|a xo
|c SK
|
| 080 |
|
|
|a 392
|
| 242 |
1 |
0 |
|a Zásnuby
|
| 245 |
0 |
0 |
|a Eljegyzés
|
| 500 |
|
|
|a mikrofilm
|
| 520 |
2 |
|
|a Správa o zásnubách veľkopanského lesníka (pôsobil na majetku rodiny Andráši v Humennom) Vojtecha (Béla) Czimru s Margitou Sváby z Prešova v marci roku 1913.
|
| 650 |
0 |
4 |
|a zásnuby - Czimra, Vojtech (lesník veľkopanský) - Humenné - pôsobenie - Sváby, Margita (snúbenica) - Prešov - marec 1913 - správy
|
| 773 |
0 |
|
|t Homonna és Vidéke : Hetilap
|g Roč. 13, č. 14 (30.03.1913) s. 2
|
| 957 |
|
|
|a Humenné
|
| 957 |
|
|
|a Prešov
|
| 958 |
|
|
|a DG
|
| 958 |
|
|
|a SK
|
| 974 |
|
|
|a Ba
|d 20011120
|
| 992 |
|
|
|a RBX
|
| BAS |
|
|
|
| 998 |
|
|
|a RETRO
|